000
00344cam a2200157ua 4500
041
_a
eng
_h
082
_a
628
_b
100
_a
P.K, .
245
0
0
_a
Advance in Industrial waste watertratment
260
_a
Jaipur :
_b
ABD Publisher ,
_c
2003.
300
_a
; .
504
_a
700
1
_a
Goel, .
942
_c
BK
999
_c
12915
_d
12915